Textbook of mechatronics (Record no. 18335)

MARC details
000 -LEADER
fixed length control field 00460nam a2200181Ia 4500
008 - FIXED-LENGTH DATA ELEMENTS--GENERAL INFORMATION
fixed length control field 230917s9999||||xx |||||||||||||| ||und||
020 ## - ISBN
Price RS525
040 ## - CATALOGING SOURCE
-- 232424
Original cataloging agency VIVEKANANDA LIBRARY
041 ## - Language
-- English
082 ## - DDC NUMBER
Classification number 621.3 R137T(4)
100 ## - MAIN ENTRY--PERSONAL NAME
Personal name Rajput, R K
245 #0 - TITLE STATEMENT
Title Textbook of mechatronics
250 ## - EDITION STATEMENT
Edition statement 4th ed.
260 ## - PUBLICATION, DISTRIBUTION, ETC. (IMPRINT)
Place of publication, distribution, etc New Delhi
Name of publisher, distributor, etc S Chand
Date of publication, distribution, etc 2016
300 ## - PHYSICAL DESCRIPTION
Pages xx, 792 p.
500 ## - GENERAL NOTE
General note 2296 10/03/2016 HBD15/1732 12/03/2016 Main Budget
942 ## - ADDED ENTRY ELEMENTS (KOHA)
Koha item type Books
Holdings
Withdrawn status Lost status Damaged status Not for loan Location (home branch) Sublocation or collection (holding branch) Shelving location Date acquired Koha issues (times borrowed) Koha full call number Accession No. Koha date last seen Koha item type
        VIVEKANANDA LIBRARY VIVEKANANDA LIBRARY UIET Library 05/04/2016   621.3 R137T(4) 352635 17/09/2023 Books
        VIVEKANANDA LIBRARY VIVEKANANDA LIBRARY UIET Library 05/04/2016   621.3 R137T(4) 352636 17/09/2023 Books
        VIVEKANANDA LIBRARY VIVEKANANDA LIBRARY UIET Library 05/04/2016   621.3 R137T(4) 352637 17/09/2023 Books
        VIVEKANANDA LIBRARY VIVEKANANDA LIBRARY UIET Library 05/04/2016   621.3 R137T(4) 352638 17/09/2023 Books
        VIVEKANANDA LIBRARY VIVEKANANDA LIBRARY UIET Library 05/04/2016   621.3 R137T(4) 352639 17/09/2023 Books
        VIVEKANANDA LIBRARY VIVEKANANDA LIBRARY UIET Library 05/04/2016   621.3 R137T(4) 352640 17/09/2023 Books
        VIVEKANANDA LIBRARY VIVEKANANDA LIBRARY UIET Library 05/04/2016   621.3 R137T(4) 352641 17/09/2023 Books
        VIVEKANANDA LIBRARY VIVEKANANDA LIBRARY UIET Library 05/04/2016   621.3 R137T(4) 352642 17/09/2023 Books
        VIVEKANANDA LIBRARY VIVEKANANDA LIBRARY UIET Library 05/04/2016   621.3 R137T(4) 352643 17/09/2023 Books
        VIVEKANANDA LIBRARY VIVEKANANDA LIBRARY UIET Library 05/04/2016   621.3 R137T(4) 352644 17/09/2023 Books
© Designed and Maintained by Vivekananda Library, MDU Rohtak